Statistics for Three or More Word Countries

Click here to take the quiz!

General Stats

  • This quiz has been taken 241 times
  • The average score is 9 of 12

Answer Stats

Country% Correct
Democratic Republic of the Congo
86%
Trinidad and Tobago
80%
Saint Kitts and Nevis
79%
United Arab Emirates
78%
Republic of the Congo
77%
Antigua and Barbuda
76%
Saint Vincent and the Grenadines
75%
Central African Republic
72%
São Tomé and Príncipe
71%
Papua New Guinea
68%
Federated States of Micronesia
66%
Bosnia and Herzegovina
61%

Score Distribution

Percentile by Number Answered

Percent of People with Each Score

Your Score History

You have not taken this quiz